Cestami Pravoslávia o Chráme prep. Mojseja Uhrina v Zemplíne

Bibliographic Details
Main Author: Adriana (Author)
Format: Article
Language:Slovak
PhysicalDescription:Fotogr.
ISSN:1335-6739
Subjects:

MARC

LEADER 00000cab a2200000 a 4500
001 vtls009476766
003 SK-MaSNL
005 20260305025735.0
008 090224c2008 xo mr p 000 a0slo
015 |a SNBRB2009/02 
038 |a SVKPOCL 
040 |a SVKPOCL  |b slo  |c SVKPOCL  |d SVKPOCL  |e AACR2 
041 0 |a slo 
044 |a xo  |c SK 
080 |a 271.2-7  |2 2001 
080 |a 726.54:271.2  |2 2001 
080 |a 271.2  |2 2001 
100 0 |a Adriana  |4 aut  |9 1606235 
245 1 0 |a Cestami Pravoslávia  |b o Chráme prep. Mojseja Uhrina v Zemplíne  |c [autorka] Adriána 
300 |b Fotogr. 
610 2 7 |a Chrám svätého Mojseja Uhrina (Zemplín, Slovensko)  |2 svkpocl  |9 1606236 
650 0 7 |a pravoslávne cirkvi  |2 svkpocl  |9 84045 
650 0 7 |a pravoslávne chrámy  |2 svkpocl  |9 382113 
650 0 7 |a náboženstvo  |2 svkpocl  |9 2023 
650 0 7 |a pravoslávne kostoly  |2 svkpocl  |9 3029 
651 7 |a Zemplín (Slovensko : región)  |2 svkpocl  |9 16697 
651 7 |a Trebišov (Slovensko : okres)  |2 svkpocl  |9 56230 
773 0 |t Istyna = Istina  |g Roč. XIII, november (2008), s. 21  |x 1335-6739 
852 |a SVKPO  |b KIS3GCP 
958 |a NT 
958 |a SK 
999 |c 3307261  |d 3309191